Derecho romano privado
Saved in:
| Hovedforfatter: | |
|---|---|
| Format: | Bog |
| Sprog: | spansk |
| Udgivet: |
Madrid
Reus
1982
|
| Udgivelse: | 2a. ed |
| Serier: | Biblioteca Jurídica de Autores Españoles y Extranjeros
|
| Fag: | |
| Tags: |
Tilføj Tag
Ingen Tags, Vær først til at tagge denne postø!
|
MARC
| LEADER | 00000nam a2200000 a 4500 | ||
|---|---|---|---|
| 001 | UCI9842 | ||
| 003 | CL-VaPUC | ||
| 008 | 081212e19820000SP |||||||||||||||||spa|d | ||
| 020 | |a 8429011625 | ||
| 082 | 0 | 4 | |a 340.54 |b KAS |2 21 |
| 100 | |a Kaser, Max |e author |9 402493 | ||
| 245 | 1 | 0 | |a Derecho romano privado |
| 250 | |a 2a. ed | ||
| 300 | |a 421 p | ||
| 942 | |c BK | ||
| 945 | |d 20081212 00:00:00 |a jtorresc | ||
| 260 | |a Madrid |b Reus |c 1982 | ||
| 650 | 0 | |a Derecho romano |9 255930 | |
| 650 | 0 | |a Fuentes del derecho |9 255162 | |
| 650 | 0 | |a Personas jurídicas |9 257259 | |
| 650 | 0 | |a Derecho de familia |9 255603 | |
| 650 | 0 | |a Derecho sucesorio |9 255015 | |
| 650 | 0 | |a Fuentes de las obligaciones |9 385043 | |
| 650 | 0 | |a Derechos reales |9 257708 | |
| 650 | 0 | |a Obligaciones |9 255578 | |
| 583 | |a last modification |c 20081212 00:00:00 |k Rodrigo Vera | ||
| 490 | 0 | |a Biblioteca Jurídica de Autores Españoles y Extranjeros | |
| 999 | |c 332300 |d 332298 | ||
| 952 | |0 0 |1 0 |4 0 |6 340_540000000000000_KAS_1982 |7 0 |8 DER_ROM |9 419902 |a BIBDER |b BIBDER |d 2019-11-22 |i 450402K |l 10 |o 340.54 KAS 1982 |p 450402K |r 2025-04-01 |s 2025-04-01 |w 2019-11-22 |x Ubicación 4to piso |y BK |z Este recurso debe solicitarse con anticipación |k DER | ||